<?xml version="1.0" encoding="UTF-8"?>
<record
    xmlns:xsi="http://www.w3.org/2001/XMLSchema-instance"
    xsi:schemaLocation="http://www.loc.gov/MARC21/slim http://www.loc.gov/standards/marcxml/schema/MARC21slim.xsd"
    xmlns="http://www.loc.gov/MARC21/slim">

  <leader>00444nam a2200181   4500</leader>
  <controlfield tag="003">SEACOMEC</controlfield>
  <controlfield tag="005">20240724162035.0</controlfield>
  <controlfield tag="008">240620b        |||||||| |||| 00| 0 eng d</controlfield>
  <datafield tag="020" ind1=" " ind2=" ">
    <subfield code="c">150.00</subfield>
  </datafield>
  <datafield tag="040" ind1=" " ind2=" ">
    <subfield code="a">SEACOMEC</subfield>
  </datafield>
  <datafield tag="082" ind1=" " ind2=" ">
    <subfield code="a">510</subfield>
    <subfield code="b">P153</subfield>
  </datafield>
  <datafield tag="100" ind1=" " ind2=" ">
    <subfield code="a"> Pal, B.K</subfield>
  </datafield>
  <datafield tag="245" ind1=" " ind2=" ">
    <subfield code="a">Engineering mathematics : Vol- 1</subfield>
    <subfield code="c">/ B.K. Pal and K. Das</subfield>
  </datafield>
  <datafield tag="250" ind1=" " ind2=" ">
    <subfield code="a">3rd rev ed.</subfield>
  </datafield>
  <datafield tag="260" ind1=" " ind2=" ">
    <subfield code="a">Kolkata </subfield>
    <subfield code="b"> U,N.Dhur, </subfield>
    <subfield code="c">2007</subfield>
  </datafield>
  <datafield tag="300" ind1=" " ind2=" ">
    <subfield code="a">vol- 1</subfield>
  </datafield>
  <datafield tag="942" ind1=" " ind2=" ">
    <subfield code="c">BOOK</subfield>
  </datafield>
  <datafield tag="952" ind1=" " ind2=" ">
    <subfield code="0">0</subfield>
    <subfield code="1">0</subfield>
    <subfield code="2">ddc</subfield>
    <subfield code="4">0</subfield>
    <subfield code="7">0</subfield>
    <subfield code="a">SEACOMEC</subfield>
    <subfield code="b">SEACOMEC</subfield>
    <subfield code="d">2007-08-14</subfield>
    <subfield code="l">0</subfield>
    <subfield code="o">510 P153</subfield>
    <subfield code="p">7801</subfield>
    <subfield code="r">2024-07-24 16:21:17</subfield>
    <subfield code="w">2024-07-24</subfield>
    <subfield code="y">BOOK</subfield>
  </datafield>
  <datafield tag="952" ind1=" " ind2=" ">
    <subfield code="0">0</subfield>
    <subfield code="1">0</subfield>
    <subfield code="2">ddc</subfield>
    <subfield code="4">0</subfield>
    <subfield code="7">0</subfield>
    <subfield code="a">SEACOMEC</subfield>
    <subfield code="b">SEACOMEC</subfield>
    <subfield code="d">2007-08-14</subfield>
    <subfield code="l">0</subfield>
    <subfield code="o">510 P153</subfield>
    <subfield code="p">7802</subfield>
    <subfield code="r">2024-07-24 16:21:17</subfield>
    <subfield code="t">1</subfield>
    <subfield code="w">2024-07-24</subfield>
    <subfield code="y">BOOK</subfield>
  </datafield>
  <datafield tag="952" ind1=" " ind2=" ">
    <subfield code="0">0</subfield>
    <subfield code="1">0</subfield>
    <subfield code="2">ddc</subfield>
    <subfield code="4">0</subfield>
    <subfield code="7">0</subfield>
    <subfield code="a">SEACOMEC</subfield>
    <subfield code="b">SEACOMEC</subfield>
    <subfield code="d">2007-08-14</subfield>
    <subfield code="l">0</subfield>
    <subfield code="o">510 P153</subfield>
    <subfield code="p">7803</subfield>
    <subfield code="r">2024-07-24 16:21:17</subfield>
    <subfield code="t">2</subfield>
    <subfield code="w">2024-07-24</subfield>
    <subfield code="y">BOOK</subfield>
  </datafield>
  <datafield tag="952" ind1=" " ind2=" ">
    <subfield code="0">0</subfield>
    <subfield code="1">0</subfield>
    <subfield code="2">ddc</subfield>
    <subfield code="4">0</subfield>
    <subfield code="7">0</subfield>
    <subfield code="a">SEACOMEC</subfield>
    <subfield code="b">SEACOMEC</subfield>
    <subfield code="d">2007-08-14</subfield>
    <subfield code="l">0</subfield>
    <subfield code="o">510 P153</subfield>
    <subfield code="p">7804</subfield>
    <subfield code="r">2024-07-24 16:21:17</subfield>
    <subfield code="t">3</subfield>
    <subfield code="w">2024-07-24</subfield>
    <subfield code="y">BOOK</subfield>
  </datafield>
  <datafield tag="952" ind1=" " ind2=" ">
    <subfield code="0">0</subfield>
    <subfield code="1">0</subfield>
    <subfield code="2">ddc</subfield>
    <subfield code="4">0</subfield>
    <subfield code="7">0</subfield>
    <subfield code="a">SEACOMEC</subfield>
    <subfield code="b">SEACOMEC</subfield>
    <subfield code="d">2007-08-14</subfield>
    <subfield code="l">0</subfield>
    <subfield code="o">510 P153</subfield>
    <subfield code="p">7805</subfield>
    <subfield code="r">2024-07-24 16:21:17</subfield>
    <subfield code="t">4</subfield>
    <subfield code="w">2024-07-24</subfield>
    <subfield code="y">BOOK</subfield>
  </datafield>
  <datafield tag="952" ind1=" " ind2=" ">
    <subfield code="0">0</subfield>
    <subfield code="1">0</subfield>
    <subfield code="2">ddc</subfield>
    <subfield code="4">0</subfield>
    <subfield code="7">0</subfield>
    <subfield code="a">SEACOMEC</subfield>
    <subfield code="b">SEACOMEC</subfield>
    <subfield code="d">2007-08-14</subfield>
    <subfield code="l">0</subfield>
    <subfield code="o">510 P153</subfield>
    <subfield code="p">7806</subfield>
    <subfield code="r">2024-07-24 16:21:17</subfield>
    <subfield code="t">5</subfield>
    <subfield code="w">2024-07-24</subfield>
    <subfield code="y">BOOK</subfield>
  </datafield>
  <datafield tag="952" ind1=" " ind2=" ">
    <subfield code="0">0</subfield>
    <subfield code="1">0</subfield>
    <subfield code="2">ddc</subfield>
    <subfield code="4">0</subfield>
    <subfield code="7">0</subfield>
    <subfield code="a">SEACOMEC</subfield>
    <subfield code="b">SEACOMEC</subfield>
    <subfield code="d">2007-08-14</subfield>
    <subfield code="l">0</subfield>
    <subfield code="o">510 P153</subfield>
    <subfield code="p">7807</subfield>
    <subfield code="r">2024-07-24 16:21:17</subfield>
    <subfield code="t">6</subfield>
    <subfield code="w">2024-07-24</subfield>
    <subfield code="y">BOOK</subfield>
  </datafield>
  <datafield tag="952" ind1=" " ind2=" ">
    <subfield code="0">0</subfield>
    <subfield code="1">0</subfield>
    <subfield code="2">ddc</subfield>
    <subfield code="4">0</subfield>
    <subfield code="7">0</subfield>
    <subfield code="a">SEACOMEC</subfield>
    <subfield code="b">SEACOMEC</subfield>
    <subfield code="d">2007-08-14</subfield>
    <subfield code="l">0</subfield>
    <subfield code="o">510 P153</subfield>
    <subfield code="p">7808</subfield>
    <subfield code="r">2024-07-24 16:21:17</subfield>
    <subfield code="t">7</subfield>
    <subfield code="w">2024-07-24</subfield>
    <subfield code="y">BOOK</subfield>
  </datafield>
  <datafield tag="952" ind1=" " ind2=" ">
    <subfield code="0">0</subfield>
    <subfield code="1">0</subfield>
    <subfield code="2">ddc</subfield>
    <subfield code="4">0</subfield>
    <subfield code="7">0</subfield>
    <subfield code="a">SEACOMEC</subfield>
    <subfield code="b">SEACOMEC</subfield>
    <subfield code="d">2007-08-14</subfield>
    <subfield code="l">0</subfield>
    <subfield code="o">510 P153</subfield>
    <subfield code="p">7809</subfield>
    <subfield code="r">2024-07-24 16:21:17</subfield>
    <subfield code="t">8</subfield>
    <subfield code="w">2024-07-24</subfield>
    <subfield code="y">BOOK</subfield>
  </datafield>
  <datafield tag="952" ind1=" " ind2=" ">
    <subfield code="0">0</subfield>
    <subfield code="1">0</subfield>
    <subfield code="2">ddc</subfield>
    <subfield code="4">0</subfield>
    <subfield code="7">0</subfield>
    <subfield code="a">SEACOMEC</subfield>
    <subfield code="b">SEACOMEC</subfield>
    <subfield code="d">2007-08-14</subfield>
    <subfield code="l">0</subfield>
    <subfield code="o">510 P153</subfield>
    <subfield code="p">7810</subfield>
    <subfield code="r">2024-07-24 16:21:17</subfield>
    <subfield code="t">9</subfield>
    <subfield code="w">2024-07-24</subfield>
    <subfield code="y">BOOK</subfield>
  </datafield>
  <datafield tag="999" ind1=" " ind2=" ">
    <subfield code="c">1482</subfield>
    <subfield code="d">1482</subfield>
  </datafield>
</record>
